El método en el sistema de lógica de Varona
Salvato in:
| Autore principale: | |
|---|---|
| Natura: | Libro |
| Lingua: | spagnolo |
| Pubblicazione: |
La Habana
Ayon
1950
|
| Serie: | Publicaciones del Comité Pro-centenario de la Bandera
|
| Soggetti: | |
| Tags: |
Aggiungi Tag
Nessun Tag, puoi essere il primo ad aggiungerne!!
|
MARC
| LEADER | 00000nam a2200000 a 4500 | ||
|---|---|---|---|
| 001 | UCZ4564 | ||
| 003 | CL-VaPUC | ||
| 008 | 951110e19500000CU |||||||||||||||||spa|d | ||
| 082 | 0 | 4 | |a 160 |b BET |2 21 |
| 100 | 0 | |a Betancourt y Godoy, Fernando |e author |9 348565 | |
| 245 | 1 | 3 | |a El método en el sistema de lógica de Varona |
| 300 | |a 30 p | ||
| 942 | |c BK | ||
| 945 | |d 19951110 00:00:00 |a cmena | ||
| 260 | |a La Habana |b Ayon |c 1950 | ||
| 650 | 0 | |a Lógica |9 256849 | |
| 650 | 0 | |a Teoría del conocimiento |9 255038 | |
| 650 | 0 | |a Razón |9 314475 | |
| 650 | 0 | |a Metodología |9 256610 | |
| 583 | |a last modification |c 19951110 00:00:00 |k Rodrigo Vera | ||
| 490 | 0 | |a Publicaciones del Comité Pro-centenario de la Bandera | |
| 999 | |c 240934 |d 240932 | ||
| 952 | |0 0 |1 0 |4 0 |6 160_000000000000000_BET_1950 |7 0 |8 P |9 253061 |a BIBEDU |b BIBEDU |c BIBEDU_PB |d 2019-11-19 |i 1595911 |o 160 BET 1950 |p 1595911 |r 2024-01-25 |w 2019-11-19 |y BK |k FIL | ||